1213 1717 1461 1189 1596 1441 1934 1036 1992 1399 1238 1498 1162 1340 1082 1404 1635 1406 1845 1206 1336 1220 1941 1137 1019 1091 1543 1332 1823 1474 1617 1201 1999 1347 1203 1284 1202 1808 1762 1074 1481 1039 1756 1730 1044 1484 1080 1913 1292 1922 1814 1033 1710 1158 1787 1254 1398 1292 1666 1732 1224 1371 1901 1384 1543 1687 1512 1373 1563 1695 1763 1617 1242 1314 1930 1618 1262 1459 1272 1355 1149 1172 1764 1884 1075 1675 1527 2000 1200 1678 1360 1284 1284 1787 1587 1371 1184 1398 1087 BCNSPRNW ULIB Ver.6.0+V

เปลี่ยนเป็นภาษาไทย

Change to English
 แสดงรายละเอียดบรรณานุกรม
  กลับหน้าหลัก

Brief Record : Get Marc (ISO 2709) : E-mail record : QR code < ปิดหน้าต่าง
LEADER : 00000nam 2200000uu 4500
001    13399111902
003     ULIB
008    110712s2552||||th 000 0 tha d
020    9789749507835
020    9789749507834
060 04 WY49^bค695
100 0  ศักดิ์ชัย วงศกิตติรักษ์,^eบรรณาธิการ
245 00 คู่มือพยาบาล:^bฉบับเวชปฏิบัติ /^cบรรณาธิการ, ศักดิ์ชัย วงศกิตติรักษ์
250    พิมพ์ครั้งที่ 5
260    กรุงเทพฯ :^bหมอชาวบ้าน,^c2552
300    xi, 196 หน้า ;^c15 ซม.
650  7 ผู้ป่วย, การดูแล
650  7 พยาบาล^vคู่มือ
650  7 พยาบาลเวชปฏิบัติ^vคู่มือ
945    ^p120^l0^i18364
945    ^p120^l0^i18365
945    ^p120^l0^i18366
945    ^p120^l0^i20547
945    ^p120^l0^i20548
945    ^p120^l0^i20549
945    ^p120^l0^i20550
945    ^p120^l0^i20551
945    ^p120^l0^i20552
945    ^p120^l0^i20553
945    ^p120^l0^i20554
945    ^p120^l0^i20555
945    ^p120^l0^i20556
995    ทศพร
999    ^aใช้งานได้ทุกระบบ
รายการนี้ยังไม่มีแท็ก
คุณยังไม่ได้ล็อกอิน คุณสามารถมีกิจกรรมร่วมกับเว็บไซต์ได้ แต่ต้องล็อกอินก่อน ::
  ล็อกอิน

รายการสื่อสารสนเทศ

ลำดับที่ ประเภท เลขเรียก/บาร์โค้ด สถานที่ สถานะ
1. Book การพยาบาล
Book การพยาบาล
สถานะ=หนังสือเก่า
WY49 ค695 ฉ.2 
  Barcode: 18365
ห้องสมุดวิทยาเขตนครสวรรค์
►ส่วนจัดเก็บหนังสือเก่า นว.
บนชั้น
  ขอยืม

รายการใกล้เคียง
    หัวเรื่อง [ผู้ป่วย, การดูแล]

BibComment


ยังไม่เคยถูกคอมเมนท์

คอมเมนท์ทรัพยากรรายการนี้
  คอมเมนท์: คู่มือพยาบาล ฉบับ..


 Copyright 2026. Bcnsprnw @Library